000 00266nam a22001097a 4500
082 _a823
_bRAZ/E
100 _aRAZZ, GENE
245 _aEEYORE HAS ENOUGH
_bMY VERY FIRST WINNIE THE POOH
260 _aNEW YORK
_bGROLIER
650 _aENGLISH STORY
_zNEW YORK
942 _cBK
999 _c2657
_d2657